000 00285nam a22001097a 4500
041 _aeng
080 _a80
100 _aКасландзия, В. А.
245 _aСинонимия в немецкой фразеологии. Справочник.
650 _aGerman
999 _c279547
_d279547
942 _cBK